<?xml version='1.0' encoding='UTF-8'?>
  <record xmlns="http://www.loc.gov/MARC21/slim">
    <leader>00000cam a22000007i 4500</leader>
    <controlfield tag="001">ocm66882473</controlfield>
    <controlfield tag="003">OCoLC</controlfield>
    <controlfield tag="005">20250604094243.3</controlfield>
    <controlfield tag="008">031214s1491    it            000 0 lat d</controlfield>
    <datafield tag="040" ind1=" " ind2=" ">
      <subfield code="a">NLGGC</subfield>
      <subfield code="b">eng</subfield>
      <subfield code="e">rda</subfield>
      <subfield code="e">dcrmr</subfield>
      <subfield code="c">NLGGC</subfield>
      <subfield code="d">OCLCL</subfield>
      <subfield code="d">OCLCQ</subfield>
      <subfield code="d">QGJ</subfield>
      <subfield code="d">OCLCO</subfield>
      <subfield code="d">QGJ</subfield>
    </datafield>
    <datafield tag="029" ind1="0" ind2=" ">
      <subfield code="a">NLGGC</subfield>
      <subfield code="b">258073675</subfield>
    </datafield>
    <datafield tag="035" ind1=" " ind2=" ">
      <subfield code="a">(OCoLC)66882473</subfield>
    </datafield>
    <datafield tag="100" ind1="1" ind2=" ">
      <subfield code="a">Ubaldi, Baldo degli,</subfield>
      <subfield code="d">1327-1400,</subfield>
      <subfield code="e">author.</subfield>
      <subfield code="4">aut</subfield>
      <subfield code="1">https://id.oclc.org/worldcat/entity/E39PBJpYt4GpJJhJF6HQwRWv73</subfield>
    </datafield>
    <datafield tag="240" ind1="1" ind2="0">
      <subfield code="a">Consilia</subfield>
    </datafield>
    <datafield tag="245" ind1="1" ind2="0">
      <subfield code="a">Prima [-quinta] p[ar]s [con]silio[rum] preclarissimi &amp; excellentissimi iuris vtri[usque] i[n]terpretis &amp; diuini p[ro]pemodu[m] ingenij doc. d. Bal. de perusio</subfield>
    </datafield>
    <datafield tag="246" ind1="1" ind2=" ">
      <subfield code="i">Title according to ISTC:</subfield>
      <subfield code="a">Consiliorum partes V</subfield>
    </datafield>
    <datafield tag="246" ind1="1" ind2=" ">
      <subfield code="i">Title according to IDL:</subfield>
      <subfield code="a">Consilia P. 1-5</subfield>
    </datafield>
    <datafield tag="264" ind1=" " ind2="1">
      <subfield code="a">Venetijs :</subfield>
      <subfield code="b">per nos Angelum &amp; Jacobum de beritannicis fratres,</subfield>
      <subfield code="c">1491</subfield>
    </datafield>
    <datafield tag="300" ind1=" " ind2=" ">
      <subfield code="a">5 parts in 1 ([112; 94; 118; 100; 48; 60] leaves) ;</subfield>
      <subfield code="c">41 cm (folio)</subfield>
    </datafield>
    <datafield tag="336" ind1=" " ind2=" ">
      <subfield code="a">text</subfield>
      <subfield code="b">txt</subfield>
      <subfield code="2">rdacontent</subfield>
    </datafield>
    <datafield tag="337" ind1=" " ind2=" ">
      <subfield code="a">unmediated</subfield>
      <subfield code="b">n</subfield>
      <subfield code="2">rdamedia</subfield>
    </datafield>
    <datafield tag="338" ind1=" " ind2=" ">
      <subfield code="a">volume</subfield>
      <subfield code="b">nc</subfield>
      <subfield code="2">rdacarrier</subfield>
    </datafield>
    <datafield tag="340" ind1=" " ind2=" ">
      <subfield code="m">folio</subfield>
      <subfield code="2">rdabf</subfield>
    </datafield>
    <datafield tag="340" ind1=" " ind2=" ">
      <subfield code="k">2 columns</subfield>
    </datafield>
    <datafield tag="500" ind1=" " ind2=" ">
      <subfield code="a">Title from incipit part 1, which reads: Incipit prima p[ar]s [con]silio[rum] preclarissimi &amp; excellentissimi iuris vtri[usque] i[n]terpretis &amp; diuini p[ro]pemodu[m] ingenij doc. d. Bal. de perusio vt que[m]admodu[m] s[e]c[un]do loco dillucidioribus litteris impresso[rum]: ita s[e]c[un]do loco dilige[n]tissime accuratissimeq[ue] castigato[rum] atq[ue] eme[n]dato[rum] exceptis quide[m] atq[ue] exe[m]ptis ex eis q[uam]plurib[us] errorib[us] qui neglige[n]tia: atq[ue] incuria prio[rum] Imp[re]ssorum illis inserti era[n]t. habita prius dilige[n]ti collatio[n]e cu[m] elega[n]tissimo exe[m]plari nouissime in his regionibus reperto.</subfield>
    </datafield>
    <datafield tag="500" ind1=" " ind2=" ">
      <subfield code="a">Incipit part 2: Acutissimi &amp; excellen[tis] monarche d[omi]ni Baldi Perusie[n]sis iuris vtriusq[ue] interpretis: Co[n]silio[rum] s[e]c[un]da p[ar]s dilige[n]tissime atq[ue] accuratissime hac nouissima impressione Castigato[rum] &amp; emendato[rum]: sectis erroribus &amp; legu[m] prioris imp[re]ssionis corruptionib[us]: cum elega[n]tissimo exe[m]plari in his regionibus nouissimo rep[er]to feliciter Incipit.</subfield>
    </datafield>
    <datafield tag="500" ind1=" " ind2=" ">
      <subfield code="a">Incipit part 3: Excellentissimi iureconsulti domini Baldi Perusini veri monarche: Consiliorum tertia pars: ab elegantissimo originali suo: hac in nouissima impressione edtta: Castigatissima quide[m] &amp; exceptis q[uam] pluribus prioris impressio[n]is erroribus feliciter incipit,</subfield>
    </datafield>
    <datafield tag="500" ind1=" " ind2=" ">
      <subfield code="a">Incipit part 4: Excellentissimi Monarche: iuris cesarei pontificij q[ue] interpretis: d[omi]ni Baldi de Perusio: Co[n]silio[rum] quarta pars: ab elegantissimo suo exemplari i[n] his regionibus nouiter i[n]uento feliciter incipit.</subfield>
    </datafield>
    <datafield tag="500" ind1=" " ind2=" ">
      <subfield code="a">Incipit part 5: Excellentissimi iuris Cesarei pontificijq[ue] interp[re]tis d[omi]ni Baldi perusini consilioru[m] quinta pars: hac prima i[m]pressio[n]e ab elegantissimo originali suo in lucem edita: castigatissima quidem &amp; omni co[m]mendatione digna: Feliciter incipit.</subfield>
    </datafield>
    <datafield tag="500" ind1=" " ind2=" ">
      <subfield code="a">Publication statement from colophon part 1 (leaf p4 recto), which reads:  Magni atq[ue] Excellentis Ingenii d[omin]i Baldi Perusiensis iuris cesarei pontificijq[ue] professoris: ac interpretis fere diui[ni] Consiliorum prima pars finit. Que vti clarioribus litterarum caracteribus: Sic iustissimo castigatissimoq[ue] exemplari nouissimo reperto: &amp; collato: per nos Angelum &amp; Jacobum de beritannicis fratres Venetijs Impressa est. Anno a natali xp[er]iano. 1491. Nonis februarij. ...</subfield>
    </datafield>
    <datafield tag="500" ind1=" " ind2=" ">
      <subfield code="a">Colophon part 2 (leaf Q4 recto): Habes lector [con]siliorum d. Baldi rarissimi vtriusq[ue] iu[ris] interpretis volume[n] secundum: q[uo]d q[uam] sit accuratissime castigatu[m] ex vtriusq[ue] impressionis collatione facile dignosci poterit. Impressum quide[m] Venetijs: i[m]pe[n]sis n[on] paruis  Angeli &amp; Jacobi de Brita[n]nicis frat[rum]. Nonis Martij 1491.</subfield>
    </datafield>
    <datafield tag="500" ind1=" " ind2=" ">
      <subfield code="a">Colophon part 3 (leaf UU4 recto): Excelle[n]tissimi vtriusq[ue] viri Monarche d[omi]ni Bal. p[er]usini co[n]silio[rum] tertia p[ar]s: ab elega[n]tissimo originali suo i[n] hac s[e]c[un]da impr[re]ssione i[n] luce[m] edita: remot[is] errorib[us] &amp; legu[m] prioris i[m]p[re]ssio[n]is corruptio[n]ib[us]: maximo studio cura atq[ue] i[m]pe[n]sa Angeli &amp; Jacobi fratrum de brita[n]nicis: decimo kal[endis] Maij. 1491. Venetijs i[m]pressa est.</subfield>
    </datafield>
    <datafield tag="500" ind1=" " ind2=" ">
      <subfield code="a">Colophon part 4 (leaf RRR3 verso): Excellentissimi iuris Cesarei po[n]tificijq[ue] p[ro]fessoris: ac interp[re]tis fere diui[ni] D[omi]ni Baldi Perusini: Consilior[um] quarta pars: Castigatissima quidem: &amp; ab originalibus suis nuper edita:  remotis legu[m] erroribus: &amp; verbo[rum] prioris imp[re]ssionis corruptionibus Venetijs feliciter fine[m] habuit. In qua q[uan]ta sit adhibita diligentia vt sine me[n]da in lucem p[ro]diret: facilime cum priori Imp[re]ssione collatione facta dignosci poterit: i[n]genio &amp; cura: sumptibusq[ue] no[n] paruis Angeli &amp; Jacobi fratrum de Britannicis. Anno salutis nostre. 1491. pridie nonis Maij.</subfield>
    </datafield>
    <datafield tag="500" ind1=" " ind2=" ">
      <subfield code="a">Colophon part 5 (leaf hhh5 recto): Excellentissimi Monarche d[omi]ni Baldi perusini iuris Cesarei pontificijq[ue] Interpretis Co[n]siliorum quinta pars ab elega[n]tissimis originalibus suis nuper in lucem edita: per Angelum [et] Jacobum fr[atr]es de Britan[n]icis. Venetijs: p[ri]mo Junij. 1491. Impressa est. ...</subfield>
    </datafield>
    <datafield tag="500" ind1=" " ind2=" ">
      <subfield code="a">Colophon tables (leaf h6 recto): Excellentissimi Monarche d[omi]ni Baldi Perusini: sup[er] quinq[ue] voluminibus consilio[rum] suo[rum] eme[n]datissima atq[ue] correctissima tabula: cum rubricarijs o[mn]ibus p[er] ordinem nouissime imp[re]ssa. Maxima cura atque ingenio Angeli &amp; Jacobi fratrum de Brita[n]nnicis. Idibus Iunij. 1491. Venetijs feliciter explicit.</subfield>
    </datafield>
    <datafield tag="500" ind1=" " ind2=" ">
      <subfield code="a">Colophon tables (leaf [chi]8 recto): Principia Consilioru[m] Excellentissimi vtriusq[ue] iuris ac veri Monarche domini Bal. Perusiensis: Super quinq[ue] voluminibus nouissime impressis: per Angelu[m] &amp; Jacobum de Brita[n]nicis fratres ad vtilitatem studentium: &amp; ea inuenire volentium feliciter expliciunt.</subfield>
    </datafield>
    <datafield tag="500" ind1=" " ind2=" ">
      <subfield code="a">Dates of publication: part 1: 5 Feb. 1491; part 2: 7 Mar. 1491; part 3: 22 Apr. 1491; part 4: 6 May 1491; part 5: 1 June 1491. Tables:  13 June 1491.</subfield>
    </datafield>
    <datafield tag="500" ind1=" " ind2=" ">
      <subfield code="a">Includes also tables by Johannes Antonius Zaneta with a letter by Angelus Britannicus to Joannes Luca de Pontremulo and poems by Franciscus Bartolus and Marcus Picardi.</subfield>
    </datafield>
    <datafield tag="500" ind1=" " ind2=" ">
      <subfield code="a">First page of part 1 printed in red and black.</subfield>
    </datafield>
    <datafield tag="500" ind1=" " ind2=" ">
      <subfield code="a">Printer's device on last printed page of each part. Printer's device part 1 printed in red.</subfield>
    </datafield>
    <datafield tag="500" ind1=" " ind2=" ">
      <subfield code="a">Signatures part 1: a-f⁶, ff⁶, g⁶, gg⁸, h-i⁶ k-l⁸ m-o⁶ p⁸; a1, and p8v are blank.</subfield>
    </datafield>
    <datafield tag="500" ind1=" " ind2=" ">
      <subfield code="a">Signatures part 2: A-P⁶ Q⁴; Q4v is blank.</subfield>
    </datafield>
    <datafield tag="500" ind1=" " ind2=" ">
      <subfield code="a">Signatures part 3:  AA-TT⁶ UU⁴; AA1, and UU4v are blank.</subfield>
    </datafield>
    <datafield tag="500" ind1=" " ind2=" ">
      <subfield code="a">Signatures part 4: AAA-PPP⁶ RRR⁴; RRR4 is blank.</subfield>
    </datafield>
    <datafield tag="500" ind1=" " ind2=" ">
      <subfield code="a">Signatures part 5: aaa-hhh⁶; aaa1 and hhh6 are blank.</subfield>
    </datafield>
    <datafield tag="500" ind1=" " ind2=" ">
      <subfield code="a">Signatures table: a-h⁶ i⁴ [chi]⁸; a1r, h6v, and [chi]8v are blank.</subfield>
    </datafield>
    <datafield tag="500" ind1=" " ind2=" ">
      <subfield code="a">With capital spaces nad guide letters.</subfield>
    </datafield>
    <datafield tag="500" ind1=" " ind2=" ">
      <subfield code="a">Text printed in 2 columns.</subfield>
    </datafield>
    <datafield tag="510" ind1="4" ind2=" ">
      <subfield code="a">Incunabula short title catalogue,</subfield>
      <subfield code="c">iu00021000</subfield>
      <subfield code="u">https://data.cerl.org/istc/iu00021000</subfield>
    </datafield>
    <datafield tag="510" ind1="4" ind2=" ">
      <subfield code="a">Gesamtkatalog der Wiegendrucke,</subfield>
      <subfield code="c">M48564</subfield>
      <subfield code="u">https://www.gesamtkatalogderwiegendrucke.de/docs/M48564.htm</subfield>
    </datafield>
    <datafield tag="510" ind1="4" ind2=" ">
      <subfield code="a">Incunabula in Dutch Libraries,</subfield>
      <subfield code="c">4531</subfield>
    </datafield>
    <datafield tag="510" ind1="4" ind2=" ">
      <subfield code="a">Bayerische Staatsbibliothek Inkunabelkatalog,</subfield>
      <subfield code="c">U-19</subfield>
      <subfield code="u">https://inkunabeln.digitale-sammlungen.de/Ausgabe_U-19.html</subfield>
    </datafield>
    <datafield tag="650" ind1=" " ind2="0">
      <subfield code="a">Roman law</subfield>
      <subfield code="v">Early works to 1800.</subfield>
    </datafield>
    <datafield tag="650" ind1=" " ind2="0">
      <subfield code="a">Consilia</subfield>
      <subfield code="v">Early works to 1800.</subfield>
    </datafield>
    <datafield tag="650" ind1=" " ind2="6">
      <subfield code="a">Droit romain</subfield>
      <subfield code="v">Ouvrages avant 1800.</subfield>
    </datafield>
    <datafield tag="650" ind1=" " ind2="6">
      <subfield code="a">Consilia</subfield>
      <subfield code="v">Ouvrages avant 1800.</subfield>
    </datafield>
    <datafield tag="650" ind1=" " ind2="7">
      <subfield code="a">incunabula (books)</subfield>
      <subfield code="2">aat</subfield>
    </datafield>
    <datafield tag="650" ind1=" " ind2="7">
      <subfield code="a">Consilia</subfield>
      <subfield code="2">fast</subfield>
    </datafield>
    <datafield tag="650" ind1=" " ind2="7">
      <subfield code="a">Roman law</subfield>
      <subfield code="2">fast</subfield>
    </datafield>
    <datafield tag="655" ind1=" " ind2="0">
      <subfield code="a">Incunabula.</subfield>
    </datafield>
    <datafield tag="655" ind1=" " ind2="7">
      <subfield code="a">Early works</subfield>
      <subfield code="2">fast</subfield>
    </datafield>
    <datafield tag="655" ind1=" " ind2="7">
      <subfield code="a">Incunabula</subfield>
      <subfield code="2">fast</subfield>
    </datafield>
    <datafield tag="700" ind1="1" ind2=" ">
      <subfield code="a">Bartolus, Franciscus,</subfield>
      <subfield code="e">contributor.</subfield>
      <subfield code="4">ctb</subfield>
    </datafield>
    <datafield tag="700" ind1="1" ind2=" ">
      <subfield code="a">Picardi, Marcus,</subfield>
      <subfield code="e">contributor.</subfield>
      <subfield code="4">ctb</subfield>
    </datafield>
    <datafield tag="700" ind1="1" ind2=" ">
      <subfield code="a">Zaneta, Johannes Antonius,</subfield>
      <subfield code="e">contributor.</subfield>
      <subfield code="4">ctb</subfield>
    </datafield>
    <datafield tag="700" ind1="1" ind2=" ">
      <subfield code="a">Pontremulo, Joannes Lucas de,</subfield>
      <subfield code="e">dedicatee</subfield>
      <subfield code="4">dte</subfield>
    </datafield>
    <datafield tag="700" ind1="1" ind2=" ">
      <subfield code="a">Britanicus, Angelus,</subfield>
      <subfield code="e">printer.</subfield>
      <subfield code="4">prt</subfield>
      <subfield code="1">https://id.oclc.org/worldcat/entity/E39PBJqVWpGYG8dC7tbPvxMF8C</subfield>
    </datafield>
    <datafield tag="700" ind1="1" ind2=" ">
      <subfield code="a">Britannico, Giacomo,</subfield>
      <subfield code="d">-1518 or 1519,</subfield>
      <subfield code="e">printer.</subfield>
      <subfield code="4">prt</subfield>
      <subfield code="1">https://id.oclc.org/worldcat/entity/E39PCjryF9DY3JcJqH7MfMDF83</subfield>
    </datafield>
    <datafield tag="752" ind1=" " ind2=" ">
      <subfield code="a">Italy</subfield>
      <subfield code="d">Venice,</subfield>
      <subfield code="e">publication place.</subfield>
      <subfield code="4">pup</subfield>
    </datafield>
    <datafield tag="936" ind1=" " ind2=" ">
      <subfield code="a">BATCHLOAD</subfield>
    </datafield>
  </record>